Central Library, Doon University
WEBOPAC (ONLINE PUBLIC ACCESS CATALOGUE)

Trends in Objective Geology (Record no. 60766)

MARC details
000 -LEADER
fixed length control field 00534nam a22001937a 4500
005 - DATE & TIME
control field 20260512161813.0
008 - FIXED-LENGTH DATA ELEMENTS--GENERAL INFORMATION
fixed length control field 260512b |||||||| |||| 00| 0 eng d
020 ## - ISBN
International Standard Book Number 9788123908021
Price 650.00
040 ## - CATALOGING SOURCE
Original cataloging agency Doon University
041 ## - Language
Language English
082 ## - DDC NUMBER
Classification number 551.8
Book Number SAY
100 ## - MAIN ENTRY--PERSONAL NAME
Personal name Sayeed, Ausaf
245 ## - TITLE STATEMENT
Title Trends in Objective Geology
Sub Title : For Civil Services And Other Competitive Examinations
250 ## - EDITION STATEMENT
Edition statement 3rd
260 ## - PUBLICATION, DISTRIBUTION, ETC. (IMPRINT)
Place of publication, distribution, etc New Delhi
Name of publisher, distributor, etc CBS Publishers
Date of publication, distribution, etc 2024
300 ## - PHYSICAL DESCRIPTION
Pages 812
650 ## - Subject
Subject Geology (PM USHA)
942 ## - ADDED ENTRY ELEMENTS (KOHA)
Koha item type Books
100 ## - MAIN ENTRY--PERSONAL NAME
-- 18849
650 ## - Subject
-- 26712
952 ## - LOCATION AND ITEM INFORMATION (KOHA)
-- 2026-05-12
952 ## - LOCATION AND ITEM INFORMATION (KOHA)
-- 2026-05-12
952 ## - LOCATION AND ITEM INFORMATION (KOHA)
-- 2026-05-12
Holdings
Withdrawn status Lost status Source of classification or shelving scheme Damaged status Not for loan Location (home branch) Sublocation or collection (holding branch) Date acquired Koha full call number Accession No. Koha date last seen Koha item type Koha issues (times borrowed)
        Not For Loan Doon University Doon University 12.05.2026 551.8 SAY 32986 12.05.2026 Reference  
          Doon University Doon University 12.05.2026 551.8 SAY 32987 12.05.2026 Books  
          Doon University Doon University 12.05.2026 551.8 SAY 32988 12.05.2026 Books  
Contact : +91-135-2533126 (Library),+91-135-2533105 (Admin Office) , Email : doonlibrary@gmail.com

Powered by Koha